000 00823nmc a2200325 a 4500
003 AR-BaBNM
005 20251128203721.0
008 256119s1959 ||||||||||||||000 | spa||
040 _cAR-BaBNM
100 1 _aFrank, Waldo
245 1 0 _aAmérica Hispana
_bun retrato y una perspectiva
250 _a2ª ed.
260 _aBuenos Aires
_bLosada
_c1959
300 _a314 p.
490 0 _aCristal del tiempo
650 4 _aLITERATURA ESTADOUNIDENSE
650 4 _aESCRITORES
650 4 _aVIAJES
650 4 _aENSAYO
650 4 _aHISTORIA
650 4 _aANTROPOLOGIA CULTURAL Y SOCIAL
651 4 _aAmérica Latina
651 4 _aEstados Unidos
653 _aNARRATIVA
653 _aCULTURAS PRECOLOMBINAS
655 _aLITERATURA
700 1 _aFelipe, León
_etraductor
942 _cBK
998 _cMARTIN
999 _c4614
_d4614